000
00314nam a2200109Ia 4500
008
200302s9999 xx 000 0 und d
100
_a
Francisco Asensio Cerver
245
_a
Masters Arata Isozaki, Jean Nouvel, Legorreta Arquitectos Steven Holl
260
_b
Atrium Internatonal
260
_c
1997
300
_a
191 P.,
999
_c
1848
_d
1848